Welcome to CU Library Online Public Access Catalogue (OPAC)

Light in my darkest night / (Record no. 6120)

MARC details
000 -LEADER
fixed length control field 00532pam a2200181 a 4500
001 - CONTROL NUMBER
control field 4345509
005 - DATE AND TIME OF LATEST TRANSACTION
control field 20250602100543.0
008 - FIXED-LENGTH DATA ELEMENTS--GENERAL INFORMATION
fixed length control field 890306s1989 nju 000 0aeng
020 ## - INTERNATIONAL STANDARD BOOK NUMBER
International Standard Book Number 0800791460
050 00 - LIBRARY OF CONGRESS CALL NUMBER
Classification number BR1725.M346
Item number A3 1989
082 00 - DEWEY DECIMAL CLASSIFICATION NUMBER
Classification number 280/.4
-- B
Edition information 20
100 1# - MAIN ENTRY--PERSONAL NAME
Personal name Marshall, Catherine,
Dates associated with a name 1914-1983
245 10 - TITLE STATEMENT
Title Light in my darkest night /
Statement of responsibility, etc. Catherine Marshall.
260 ## - PUBLICATION, DISTRIBUTION, ETC.
Place of publication, distribution, etc. Old Tappan, N.J. :
Name of publisher, distributor, etc. Chosen Books,
Date of publication, distribution, etc. c1989.
300 ## - PHYSICAL DESCRIPTION
Extent 255 p. ;
Dimensions 24 cm.
650 #0 - SUBJECT ADDED ENTRY--TOPICAL TERM
Topical term or geographic name entry element Christian biography
Geographic subdivision United States.
942 ## - ADDED ENTRY ELEMENTS (KOHA)
Source of classification or shelving scheme Library of Congress Classification
Koha item type Books
Suppress in OPAC No
999 ## -
-- 6120
-- 6120
Holdings
Withdrawn status Lost status Source of classification or shelving scheme Damaged status Not for loan Collection Home library Current library Shelving location Date acquired Total checkouts Full call number Barcode Date last seen Copy number Price effective from Koha item type
    Library of Congress Classification     Non-fiction Undergraduate Library (Christ Temple) Undergraduate Library (Christ Temple) General stacks 06/02/2025   BV4905.2 MAR ulct00002819 06/02/2025 1 06/02/2025 Books
© 2023-2024 Copyright: Central University Libraries. All Rights Reserved | Created by: Mahone Tech Office